Математическое моделирование тепловой защиты: [учебное пособие]

Bibliografiske detaljer
Hovedforfatter: Якимов А. С. Анатолий Степанович
Institution som forfatter: Национальный исследовательский Томский государственный университет (ТГУ)
Summary:Пособие посвящено теоретическому изучению процессов нестационарного тепломассообмена с учетом термохимического разрушения теплозащитных материалов, исследованию систем пористого охлаждения, тепловой защите композиционных материалов при действии малых энергетических возмущений. Разработаны математические модели некоторых систем пассивной, активной и комбинированной тепловой защиты при наличии осложняющих факторов: массового уноса с поверхности, шероховатости поверхности, фазовых превращений жидкости в пористом материале, вращательного движения тела вокруг продольной оси и воздействия малых периодических возмущений. Приведен численный анализ процесса тепломассообмена в углепластике при многократном импульсном воздействии. Исследована возможность управления процессами термохимического разрушения и тепломассообмена в системах пористого охлаждения при наличии малых вибрационных возмущений. В конце каждой главы приведены некоторые контрольные вопросы для проверки и усвоения материала.
Sprog:russisk
Udgivet: Томск, Изд-во Томского ун-та, 2018
Fag:
Format: MixedMaterials Bog
KOHA link:https://koha.lib.tpu.ru/cgi-bin/koha/opac-detail.pl?biblionumber=341454

MARC

LEADER 00000nam0a2200000 4500
001 341454
005 20231102005339.0
010 |a 9785751125318 
035 |a (RuTPU)RU\TPU\book\369463 
090 |a 341454 
100 |a 20181001d2018 m y0rusy50 ca 
101 0 |a rus 
102 |a RU 
105 |a a j 001zy 
200 1 |a Математическое моделирование тепловой защиты  |e [учебное пособие]  |f А. С. Якимов  |g Национальный исследовательский Томский государственный университет (ТГУ) 
210 |a Томск  |c Изд-во Томского ун-та  |d 2018 
215 |a 164 с.  |c ил. 
320 |a Библиогр.: с. 151-160 
330 |a Пособие посвящено теоретическому изучению процессов нестационарного тепломассообмена с учетом термохимического разрушения теплозащитных материалов, исследованию систем пористого охлаждения, тепловой защите композиционных материалов при действии малых энергетических возмущений. Разработаны математические модели некоторых систем пассивной, активной и комбинированной тепловой защиты при наличии осложняющих факторов: массового уноса с поверхности, шероховатости поверхности, фазовых превращений жидкости в пористом материале, вращательного движения тела вокруг продольной оси и воздействия малых периодических возмущений. Приведен численный анализ процесса тепломассообмена в углепластике при многократном импульсном воздействии. Исследована возможность управления процессами термохимического разрушения и тепломассообмена в системах пористого охлаждения при наличии малых вибрационных возмущений. В конце каждой главы приведены некоторые контрольные вопросы для проверки и усвоения материала. 
606 1 |a Теплозащита  |2 stltpush  |3 (RuTPU)RU\TPU\subj\33574  |9 55773 
606 1 |a Тепломассообмен  |2 stltpush  |3 (RuTPU)RU\TPU\subj\31252  |9 54154 
610 1 |a пассивная тепловая защита 
610 1 |a активная тепловая защита 
610 1 |a комбинированная тепловая защита 
610 1 |a теплозащитные материалы 
610 1 |a термохимическое разрушение 
610 1 |a математическое моделирование 
610 1 |a учебные пособия 
675 |a 662.998(075.8)  |v 4 
675 |a 66.021.3/.4(075.8)  |v 4 
700 1 |a Якимов  |b А. С.  |g Анатолий Степанович 
712 0 2 |a Национальный исследовательский Томский государственный университет (ТГУ)  |c (2009- )  |2 stltpush  |3 (RuTPU)RU\TPU\col\17230 
801 1 |a RU  |b 63413507  |c 20181001 
801 2 |a RU  |b 63413507  |c 20181012  |g RCR 
942 |c BK